Statistics for Director Multiple Choice

Click here to take the quiz!

General Stats

  • This quiz has been taken 194 times
  • The average score is 8 of 15

Answer Stats

QuestionAnswer% Correct
Frances McDormandTarantino
77%
Steve BuscemiAnderson
69%
Tom CruiseNone
67%
Brad PittAnderson
60%
George ClooneyTarantino
58%
Tom HanksTarantino
58%
Tilda SwintonTarantino
56%
Ralph FiennesTarantino
56%
Scarlet JohannsonTarantino
53%
Margot RobbieCoen
49%
Jennifer Jason LeighAnderson
44%
Jesse PlemonsNone
44%
Harvey KeitelCoen
41%
Michael GambonTarantino
29%
Chaning TatumAnderson
25%

Score Distribution

Percentile by Number Answered

Percent of People with Each Score

Your Score History

You have not taken this quiz